| Tag |
First Indicator |
Second Indicator |
Subfields |
| LEADER |
00000cam a2200000 4500 |
| 001 |
in00000040753 |
| 005 |
20151007064639.0 |
| 008 |
740503r1950 nyu 00000 eng u |
| 010 |
|
|
|a 51009278
|
| 035 |
|
|
|a (OCoLC)00877954
|
| 035 |
|
|
|9 AAE0309AM
|
| 040 |
|
|
|c WIT
|d TXA
|d UtOrBLW
|
| 049 |
|
|
|a TXAM
|c [197613]
|
| 050 |
0 |
0 |
|a QB44
|b .S564 1950
|
| 082 |
0 |
|
|a 520
|
| 092 |
|
|
|a 520
|b S568h
|
| 100 |
1 |
|
|a Sidgwick, J. B.
|q (John Benson),
|d 1916-
|
| 245 |
1 |
4 |
|a The heavens above :
|b a rationale of astronomy /
|c American edition prepared by Warren K. Green.
|
| 250 |
|
|
|a [1st American ed.].
|
| 264 |
|
1 |
|a New York :
|b Oxford University Press,
|c 1950.
|
| 300 |
|
|
|a xv, 333 pages :
|b illustrations ;
|c 22 cm.
|
| 336 |
|
|
|a text
|b txt
|2 rdacontent
|
| 337 |
|
|
|a unmediated
|b n
|2 rdamedia
|
| 338 |
|
|
|a volume
|b nc
|2 rdacarrier
|
| 650 |
|
0 |
|a Astronomy.
|
| 700 |
1 |
|
|a Green, Warren K.
|q (Warren Kimball),
|d 1891-
|
| 999 |
|
|
|a MARS
|
| 999 |
f |
f |
|s 0958f87c-6976-3f35-9051-ce09ec809bfb
|i 4b900942-8766-3dfa-941f-9dc4f66a3ca3
|t 0
|
| 952 |
f |
f |
|p ric
|a Texas A&M University
|b Rellis Campus
|c Joint Library Facility
|d Remote Storage
|t 0
|e QB44 .S564 1950
|h Library of Congress classification
|i unmediated -- volume
|m A14800898256
|
| 998 |
f |
f |
|a QB44 .S564 1950
|t 0
|l Remote Storage
|